Physics of the planet mars (Record no. 1428)

MARC details
000 -LEADER
fixed length control field 00526nam a2200181Ia 4500
003 - CONTROL NUMBER IDENTIFIER
control field IN-BaIIA
008 - FIXED-LENGTH DATA ELEMENTS--GENERAL INFORMATION
fixed length control field 211028s9999 xx 000 0 eng d
040 ## - CATALOGING SOURCE
Transcribing agency IIA Library
080 ## - UNIVERSAL DECIMAL CLASSIFICATION NUMBER
Universal Decimal Classification number 523.43
Item number DE
100 ## - MAIN ENTRY--PERSONAL NAME
Personal name De Vaucouleurs, Gerard
9 (RLIN) 1262
245 #0 - TITLE STATEMENT
Title Physics of the planet mars
Remainder of title an introduction to aerophysics
Statement of responsibility, etc. Gerard De Vaucouleurs
260 ## - PUBLICATION, DISTRIBUTION, ETC.
Place of publication, distribution, etc. London
Name of publisher, distributor, etc. Faber and Faber
Date of publication, distribution, etc. 1954
300 ## - PHYSICAL DESCRIPTION
Extent 365p.
650 ## - SUBJECT ADDED ENTRY--TOPICAL TERM
Topical term or geographic name entry element Astronomy and astrophysics thesaurus
650 ## - SUBJECT ADDED ENTRY--TOPICAL TERM
Topical term or geographic name entry element Mars
9 (RLIN) 1378
650 ## - SUBJECT ADDED ENTRY--TOPICAL TERM
Topical term or geographic name entry element Planet Mars
9 (RLIN) 1263
942 ## - ADDED ENTRY ELEMENTS (KOHA)
Koha item type Books
Holdings
Withdrawn status Lost status Damaged status Not for loan Home library Current library Shelving location Date acquired Total Checkouts Full call number Barcode Date last seen Price effective from Koha item type
        IIA Library-Bangalore IIA Library-Bangalore General Stacks     523.43/ DE 1508 05/11/2021   Books

Powered by Koha